000 00726cam a2200217 4500500
005 20260405004050.0
041 _afre
042 _adc
100 1 0 _aLarmagnac-Matheron, Octave
_eauthor
245 0 0 _aStéphane Leménorel : la "décence ordinaire"
 contre le productivisme
260 _c2021.
500 _a66
690 _a1984
690 _aDécroissance
690 _aDictature
690 _aGeorge Orwell
690 _aNovlangue
690 _aProductivisme
786 0 _nPhilosophie magazine - Hors séries | Hors-série Hiver-Pritemps 2021 | HS48 | 2021-01-01 | p. 27-29 | 2104-9246
856 4 1 _uhttps://shs.cairn.info/magazine-philosophie-magazine-2021-hs48-page-27?lang=fr&redirect-ssocas=7080
999 _c2073374
_d2073374